Basic theories of physics (Record no. 2463)

MARC details
000 -LEADER
fixed length control field 00606nam a2200193Ia 4500
003 - CONTROL NUMBER IDENTIFIER
control field IN-BaIIA
008 - FIXED-LENGTH DATA ELEMENTS--GENERAL INFORMATION
fixed length control field 211028s9999 xx 000 0 eng d
040 ## - CATALOGING SOURCE
Transcribing agency IIA Library
080 ## - UNIVERSAL DECIMAL CLASSIFICATION NUMBER
Universal Decimal Classification number 530.1
Item number BER
100 ## - MAIN ENTRY--PERSONAL NAME
Personal name Bergmann, Peter Gabriel
9 (RLIN) 4406
245 #0 - TITLE STATEMENT
Title Basic theories of physics
Remainder of title Heat and quanta
Statement of responsibility, etc. Peter Gabriel Bergmann
260 ## - PUBLICATION, DISTRIBUTION, ETC.
Place of publication, distribution, etc. New York
Name of publisher, distributor, etc. Dover Publications
Date of publication, distribution, etc. 1951
300 ## - PHYSICAL DESCRIPTION
Extent x, 300p.
490 ## - SERIES STATEMENT
Series statement Dover books explaining science and mathematics
650 ## - SUBJECT ADDED ENTRY--TOPICAL TERM
Topical term or geographic name entry element NASA Thesaurus
650 ## - SUBJECT ADDED ENTRY--TOPICAL TERM
Topical term or geographic name entry element Physics
9 (RLIN) 73
650 ## - SUBJECT ADDED ENTRY--TOPICAL TERM
Topical term or geographic name entry element Theoretical physics
9 (RLIN) 1581
942 ## - ADDED ENTRY ELEMENTS (KOHA)
Koha item type Books
Holdings
Withdrawn status Lost status Damaged status Not for loan Home library Current library Shelving location Date acquired Cost, normal purchase price Total Checkouts Full call number Barcode Date last seen Cost, replacement price Price effective from Koha item type Purchase Price
        IIA Library-Bangalore IIA Library-Bangalore General Stacks 22/06/1965 7.87   530.1/ BER 2750 05/11/2021 7.87 22/06/1965 Books Rs. 7.87

Powered by Koha